000 00898cam a2200301 4500
001 2190407
003 OSt
005 20150709162131.0
008 720320s1971 enka b 000 0 eng
010 _a 72175541
015 _aB72-00134
020 _a0723404321
040 _aDLC
_cDLC
_dDLC
050 0 0 _aHV6025
_b.M623
082 0 0 _a364 CRI
100 1 _d1905-
_ecomp.
_91955
245 1 0 _aPapers from "The Criminologist";
_cedited by Nigel Morland; with a foreword by Keith Simpson.
260 _aLondon,
_bWolfe,
_c1971.
300 _a318 p.
_billus.
_c25 cm.
350 _a£3.50
500 _aPublished in 1972 under title: The Criminologist.
504 _aIncludes bibliographical references.
650 0 _aCriminology.
_91956
650 0 _aCriminal investigation.
_91957
730 0 _aCriminologist.
_91958
906 _a7
_bcbc
_corignew
_d3
_encip
_f19
_gy-gencatlg
942 _2ddc
_cBK
999 _c720
_d720